Od handliara po vladársku korunu

Bibliographic Details
Main Author: Marec, Anton, 1953-2021 (Author)
Format: Article
Language:Slovak
PhysicalDescription:Fotogr.
Subjects:

MARC

LEADER 00000nab a2200000 ar4500
001 vtls008304977
003 SK-MaSNL
005 20260305032101.0
008 051025c2005 xo wr|p|||||||000 b|slo
015 |a SNBRB2005/10 
038 |a PPPK 
040 |a PPPKCL  |b slo  |c PPPKCL  |e AACR2 
041 0 |a slo 
044 |a xo  |c SK 
080 |a 94(439.2)"16/17"  |2 UDC-MRF-SK2 
080 |a 929.52Tököli  |2 UDC-MRF-SK2 
100 1 |a Marec, Anton,  |d 1953-2021  |4 aut  |9 112978 
245 1 0 |a Od handliara po vladársku korunu  |c Anton Marec 
300 |b Fotogr. 
600 1 7 |a Tököli (rod)  |2 SNK  |9 614666 
648 7 |a 16.-17. storočie  |2 SNK  |9 328388 
650 0 7 |a šľachtické rody  |2 SNKPH  |9 31798 
650 0 7 |a dejiny  |2 SNKPH  |9 3825 
651 7 |a Kežmarok (Slovensko)  |2 SNKPHgeo  |9 26808 
651 7 |a Kežmarok (Slovensko : okres)  |2 SNKPHgeo  |9 51824 
773 0 |t Podtatranské noviny  |g Roč. XLVI, č. 23 (2005) 
773 0 8 |i Príl.:  |t Ozveny  |g Č. 6 (2004), s. 2-3 
852 |a PPPK  |b KIS3GCP 
958 |a BX  |2 pppkcl 
999 |c 3318656  |d 3320586